000 00582nam a2200181Ia 4500
008 090123s9999 xx 000 0 und d
082 _b40568
100 _aकामत विठ्ठल
245 _aउद्योजक होणारच मी
250 _a1
260 _bअमेय प्रकाशन
_c2006
300 _a228
600 _aकामत विठ्ठल
630 _aउद्योजक होणारच मी
700 _aकामत विठ्ठल
730 _aउद्योजक होणारच मी
942 _cBOOK
999 _c78642
_d78642